<?xml version="1.0" encoding="UTF-8"?><?xml-stylesheet type="text/xsl" href="static/style.xsl"?><OAI-PMH xmlns="http://www.openarchives.org/OAI/2.0/" xmlns:xsi="http://www.w3.org/2001/XMLSchema-instance" xsi:schemaLocation="http://www.openarchives.org/OAI/2.0/ http://www.openarchives.org/OAI/2.0/OAI-PMH.xsd"><responseDate>2026-04-17T01:20:49Z</responseDate><request verb="GetRecord" identifier="oai:www.recercat.cat:2099.1/26046" metadataPrefix="marc">https://recercat.cat/oai/request</request><GetRecord><record><header><identifier>oai:recercat.cat:2099.1/26046</identifier><datestamp>2025-07-22T17:02:48Z</datestamp><setSpec>com_2072_1033</setSpec><setSpec>col_2072_452951</setSpec></header><metadata><record xmlns="http://www.loc.gov/MARC21/slim" xmlns:dcterms="http://purl.org/dc/terms/" xmlns:xsi="http://www.w3.org/2001/XMLSchema-instance" xmlns:doc="http://www.lyncode.com/xoai" xsi:schemaLocation="http://www.loc.gov/MARC21/slim http://www.loc.gov/standards/marcxml/schema/MARC21slim.xsd">
   <leader>00925njm 22002777a 4500</leader>
   <datafield ind2=" " ind1=" " tag="042">
      <subfield code="a">dc</subfield>
   </datafield>
   <datafield ind2=" " ind1=" " tag="720">
      <subfield code="a">Seghezzi, Carla Soledad</subfield>
      <subfield code="e">author</subfield>
   </datafield>
   <datafield ind2=" " ind1=" " tag="260">
      <subfield code="c">2014-12</subfield>
   </datafield>
   <datafield ind2=" " ind1=" " tag="520">
      <subfield code="a">Uno de los principios elementales de la política social es el velar por la seguridad y salud de los trabajadores. Este pilar constitucional conlleva a la elaboración de una política de protección de la salud de los trabajadores a partir de diferentes acciones preventivas de los riesgos que derivan de sus puestos laborales.&#xd;
Este Proyecto Final de Grado consta de realizar una comparativa de normativas de Seguridad y Salud Laboral entre los países de España, pertenecientes a la Unión Europea y Argentina, que pertenece a los países del Mercosur de América Latina. De esta manera, poder realizar un estudio legal para determinar la aportación única y directa de cada país tanto a nivel general como en el marco de la construcción.&#xd;
Para la redacción de la memoria, la estructura principal está dividida en dos bloques:&#xd;
 En la primera unidad, que comprende el capítulo 3 y sus respectivos subcapítulos, se describe la comparativa legal. Dentro de ella, se analizan marcos generales, aspectos en el sector de la construcción y otras normas secundarias.&#xd;
 En el segundo bloque, que incluye el capítulo 4 y los correspondiente subapartados, se estudian las leyes a nivel organizativo. Así, integran descripciones particulares de ambos territorios referentes a organismos, modalidades preventivas, documentación, sistemas de gestión, entre otros.&#xd;
Finalmente, se recogen las conclusiones del presente estudio y la correspondiente biografía legal.</subfield>
   </datafield>
   <datafield tag="653" ind2=" " ind1=" ">
      <subfield code="a">Àrees temàtiques de la UPC::Edificació::Seguretat en la construcció</subfield>
   </datafield>
   <datafield tag="653" ind2=" " ind1=" ">
      <subfield code="a">Industrial safety</subfield>
   </datafield>
   <datafield tag="653" ind2=" " ind1=" ">
      <subfield code="a">Safety regulations</subfield>
   </datafield>
   <datafield tag="653" ind2=" " ind1=" ">
      <subfield code="a">Seguretat en el treball -- Dret i legislació -- Espanya</subfield>
   </datafield>
   <datafield tag="653" ind2=" " ind1=" ">
      <subfield code="a">Seguretat en el treball -- Dret i legislació -- Argentina</subfield>
   </datafield>
   <datafield ind2="0" ind1="0" tag="245">
      <subfield code="a">Comparativa legislativa entre España y Argentina en materia de prevención de riesgos laborales</subfield>
   </datafield>
</record></metadata></record></GetRecord></OAI-PMH>